Statistics for Top 10 Largest Landlocked Countries

Click here to take the quiz!

General Stats

  • This quiz has been taken 45 times
  • The average score is 9 of 10

Answer Stats

Size (Square Miles)Answer% Correct
1,052,090Kazakhstan
100%
604,908Mongolia
98%
424,164Bolivia
88%
495,755Chad
88%
478,841Mali
88%
489,191Niger
88%
240,535Central African Republic
83%
426,372Ethiopia
80%
251,827Afghanistan
78%
290,612Zambia
71%

Score Distribution

Percentile by Number Answered

Percent of People with Each Score

Your Score History

You have not taken this quiz